[Event "Alta CC-ch"]
[Site "Alta"]
[Date "2015.03.18"]
[Round "9"]
[White "Luostarinen, Asmo"]
[Black "Henriksen, Gunnar"]
[Result "1/2-1/2"]
[WhiteElo "1186"]
[BlackElo "895"]
[PlyCount "103"]
[EventDate "2015.01.14"]
[EventType "swiss"]
[EventRounds "10"]
[EventCountry "NOR"]
[SourceTitle "EXT 2017"]
[Source "ChessBase"]
[SourceDate "2016.10.25"]
[SourceVersion "1"]
[SourceVersionDate "2016.10.25"]
[SourceQuality "1"]

1. d4 Nf6 2. c4 e6 3. Nc3 Bb4 4. Nf3 d5 5. Bf4 c5 6. e3 Nc6 7. Be2 Ne4 8. Rc1 Qa5 9. 0-0 Nxc3 10. bxc3 Bxc3 11. cxd5 exd5 12. Qb3 cxd4 13. exd4 Bb4 14. Rfd1 0-0 15. Ne5 Ne7 16. Nd3 Nc6 17. Nxb4 Qxb4 18. Qxb4 Nxb4 19. Bd6 Re8 20. Bb5 Nc6 21. Bxc6 bxc6 22. Rxc6 Be6 23. Rb1 Rec8 24. Ra6 Bf5 25. Re1 Re8 26. Rxe8+ Rxe8 27. h3 Ra8 28. Bc5 Bd3 29. Rxa7 Rxa7 30. Bxa7 f5 31. f4 Kf7 32. Kf2 h6 33. h4 Kg6 34. Bc5 Kh5 35. g3 Kg6 36. a4 Kf7 37. a5 h5 38. Ke3 Ba6 39. Kd2 Ke6 40. Kc3 Kd7 41. Kb4 Kc6 42. Bf8 g6 43. Be7 Bb5 44. Bf6 Bc4 45. Kc3 Kb5 46. a6 Kxa6 47. Kb4 Kb6 48. Bd8+ Kc6 49. Ka5 Bb5 50. Kb4 Be2 51. Ka5 Bd3 52. Kb4 1/2-1/2

[Event "Alta CC-ch"]
[Site "Alta"]
[Date "2015.02.11"]
[Round "5"]
[White "Tangen, Raymond"]
[Black "Henriksen, Gunnar"]
[Result "1-0"]
[WhiteElo "1374"]
[BlackElo "895"]
[PlyCount "43"]
[EventDate "2015.01.14"]
[EventType "swiss"]
[EventRounds "10"]
[EventCountry "NOR"]
[SourceTitle "EXT 2017"]
[Source "ChessBase"]
[SourceDate "2016.10.25"]
[SourceVersion "1"]
[SourceVersionDate "2016.10.25"]
[SourceQuality "1"]

1. e4 e5 2. Nf3 Nc6 3. Bb5 Nf6 4. d3 Bc5 5. 0-0 0-0 6. Bxc6 dxc6 7. Nxe5 Re8 8. Nc4 Bg4 9. Qd2 Nd7 10. b4 Be7 11. Bb2 Bf6 12. Nc3 Be6 13. Ne3 Nb6 14. Rad1 Qd6 15. a3 Rad8 16. Qc1 Bg5 17. Ne2 Bg4 18. f3 Bh5 19. g4 Bg6 20. f4 Bh6 21. Ba1 Bxf4 22. Nxf4 1-0